000 00356nam a2200133Ia 4500
008 240624s9999 xx 000 0 und d
041 _aeng
082 _a332.6 MIL
100 _aMILES ROBERT P
245 _aWARREN BUFFETT CEO SECRETS FROM THE BERK
260 _c2001
_aNew Jersey
_bJohn Wiley and Sons
300 _axix, : 412 : p. : cm. ; 23
365 _cRS
999 _c9520
_d9520